<?xml version="1.0" encoding="UTF-8"?>
<collection xmlns="http://www.loc.gov/MARC21/slim">
 <record>
  <leader>00601nam a2200205   4500</leader>
  <controlfield tag="001">000008627</controlfield>
  <controlfield tag="003">4819</controlfield>
  <controlfield tag="005">20150812140859.0</controlfield>
  <controlfield tag="008">111019s                               sd</controlfield>
  <datafield tag="100" ind1="0" ind2=" ">
   <subfield code="a">Lâm Ngọc Thiềm</subfield>
   <subfield code="e">Chủ Biên</subfield>
  </datafield>
  <datafield tag="245" ind1="0" ind2="0">
   <subfield code="a">Bài tập hoá học đại cương</subfield>
   <subfield code="b">(Hoá học lý thuyết cơ sở)</subfield>
   <subfield code="c">Lâm Ngọc Thiềm;Trần Hiệp Hải</subfield>
  </datafield>
  <datafield tag="300" ind1=" " ind2=" ">
   <subfield code="a">402tr.</subfield>
   <subfield code="c">20 cm</subfield>
  </datafield>
  <datafield tag="OWN" ind1=" " ind2=" ">
   <subfield code="a">LSP</subfield>
  </datafield>
  <datafield tag="999" ind1=" " ind2=" ">
   <subfield code="a">From the UDN01</subfield>
  </datafield>
  <datafield tag="TYP" ind1=" " ind2=" ">
   <subfield code="a">Monograph</subfield>
  </datafield>
  <datafield tag="TYP" ind1=" " ind2=" ">
   <subfield code="a">Printed language</subfield>
  </datafield>
  <datafield tag="980" ind1=" " ind2=" ">
   <subfield code="a">Mạng thư viện Đại học Đà Nẵng</subfield>
  </datafield>
 </record>
</collection>
